000 00271nam a2200109Ia 4500
008 200302s9999 xx 000 0 und d
100 _aSumita Gosh
245 _aIntroduction to settlement geography
260 _bOrient Blackswan Pvt. Ltd.
260 _c2018
300 _a158
999 _c6070
_d6070